Logo BPK

Biblioteka

Politechniki Koszalińskiej

Konstruktionselemente des Maschinenbaues / (Rekord nr 9027)

Szczegóły MARC
000 -ETYKIETA REKORDU
podpole kontrolne o stałej długości 00392nam a2200157 i 4500
001 - NUMER KONTROLNY REKORDU
pole kontrolne bg
040 ## - ŹRÓDŁO KATALOGOWANIA
Instytucja, która utworzyła rekord BPK
041 ## - KOD JĘZYKA
Kod języka tekstu pol
008 - POLE O STAŁEJ DŁUGOŚCI - DANE KONTROLNE
podpole kontrolne o stałej długości s pl f |000 0 pol
100 1# - NAZWA OSOBOWA
Nazwa osobowa TOCHTERMANN,
245 #0 - TYTUŁ/ODPOWIEDZIALNOŚĆ
Tytuł Konstruktionselemente des Maschinenbaues /
Pozostałe elementy strefy tytułu i oznaczenia odpowiedzialności Tochtermann, Bodenstein. T.2.
250 ## - STREFA WYDANIA
Oznaczenie wydania 8 neubearb. Aufl.
260 ## - STREFA ADRESU WYDAWNICZEGO
Miejsce wydania Berlin,
Data publikacji, dystrybucji/powstania dokumentu 1962.
700 1# - HASŁO DODATKOWE - NAZWA OSOBOWA
Nazwa osobowa BODENSTEIN,
856 ## - LOKALIZACJA I DOSTĘP DO ELEKTRONICZNYCH DOKUMENTÓW ZDALNYCH
Link (URL) http://koha.tu.koszalin.pl/cgi-bin/koha/opac-detail.pl?biblionumber=9027
Tekst linku Katalog online BPK
942 ## - DODATKOWE ELEMENTY (KOHA)
Typ dokumentu Książka
Egzemplarze
Wycofany Status egzemplarza Uszkodzony Dostępność Lokalizacja stała Lokalizacja bieżąca Miejsce przechowywania Sygnatura Kod kreskowy Typ dokumentu
      Dostępny Biblioteka Politechniki Koszalińskiej Biblioteka Politechniki Koszalińskiej Wypożyczalnia BG 8935 01773859 Książka
© 2023 Biblioteka Politechniki Koszalińskiej :: KOHA